Дело о присоединении Мюльграбенского порта к патримонтальному округу города Риги

Доступно только в Электронных читальных залах Найти на картеНа карте
RUSMARC
00003716nmc2a22000003x 450
001fe12c3e9-bd1f-4c12-9595-2795d8a721af
00520210419184207.0
100##$a20190320l18731873k l0rusy0189 ca
1010#$arus
102##$aRU
2001#$aДело о присоединении Мюльграбенского порта к патримонтальному округу города Риги
$j16 апреля 1873 г.
251##$cДело
300##$aДело
801#0$aRU
$bРГИА
$c20190320
$gRCR
801#1$aRU
$bГлавНИВЦ
$c20190320
$2rusmarc
801#2$aRU
$bПБ им. Б.Н. Ельцина
$c20210419
$gRCR
$2rusmarc
850##$aРГИА
852##$aРГИА
$eФедеральное казенное учреждение "Российский государственный исторический архив" (РГИА)
$j16
937##$hРГИА
$d12310825
$aASBIBLIO_SCAN
462#0$10014af67a45-48db-4e4b-9cc3-13b4608e89f1
$12001
$aДела Департамента полиции исполнительной МВД за 1873 год
$1251
$cОпись
$1852
$j34
$l1873 г.
461#0$10013e300ed0-cd39-49af-8489-5ba5b90fa401
$12001
$aДепартамент полиции исполнительной МВД
$1251
$cФонд
$1852
$j1286
215##$a210 л.
$cплан.; карт.
$d36,5х26 см
371##$aДокумент не является опубликованным и широко распространяемым
105##$aeb##
1222#$ad
035##$afe12c3e9-bd1f-4c12-9595-2795d8a721af
856##$uhttp://readingroom.main.prlib.ru/item.aspx?id_node=n162593503&mode=full
Формат отображения